Sports Quiz

Random Sports or College Quiz

College Basketball Teams Part 1 Quiz Stats

 Plays Quiz not verified by Sporcle

Score 0/195 Timer 15:00
0 Plays Today
Conference College % Correct
ACCNorth Carolina
75.4%
Big 12Texas
75.4%
Big 10Michigan
73.8%
ACCVirginia
71.1%
Mid-AmericanOhio
70.1%
ACCDuke
69.8%
Big 12Kansas
69.8%
IvyHarvard
69.4%
Big 12Texas Tech
67.8%
Big 10Michigan State
66.8%
Big 10Iowa
66.1%
Big 12Oklahoma
65.8%
Big 10Indiana
65.4%
ACCMaryland
65.1%
Big 10Ohio State
65.1%
Big EastSyracuse
64.8%
ACCFlorida State
64.5%
ACCVirginia Tech
64.5%
Big 10Wisconsin
64.1%
Big 10Illinois
62.8%
ACCMiami
61.8%
Mid-AmericanMiami
61.8%
IvyCornell
61.5%
Big EastGeorgetown
61.1%
Big EastCincinnati
60.1%
Big EastWest Virginia
60.1%
Big 10Minnesota
60.1%
Big 10Penn State
60.1%
ACCWake Forest
59.8%
Big 12Oklahoma State
59.8%
Big 12Texas A&M
59.8%
Big EastMarquette
59.8%
ACCGeorgia Tech
59.5%
American EastBoston
59.1%
Big 10Purdue
59.1%
Big 12Kansas State
58.5%
Atlantic 10Temple
58.1%
ACCNorth Carolina State
58.1%
Big EastConnecticut
58.1%
Big 12Iowa State
57.8%
Big EastLouisville
57.5%
IvyYale
57.5%
Big EastRutgers
56.8%
Big 12Nebraska
56.5%
Big 12Colorado
56.1%
IvyDartmouth
55.8%
Big 12Baylor
55.5%
Big EastPittsburgh
55.5%
IvyPrinceton
55.5%
Big EastSt. John
54.8%
IvyPennsylvania
54.8%
IvyBrown
54.2%
Big SkyMontana
54.2%
Mid-AmericanAkron
53.2%
Big 10Northwestern
53.2%
ACCClemson
52.8%
Atlantic 10Richmond
52.5%
Big EastDePaul
52.5%
Big EastProvidence
51.8%
ACCBoston College
50.5%
Big EastVillanova
50.5%
Conference USATulane
50.5%
Big 12Missouri
49.8%
Conference USAMarshall
49.5%
HorizonButler
49.2%
Conference College % Correct
Conference USATulsa
48.8%
Atlantic 10Xavier
48.2%
Conference USAMemphis
48.2%
Atlantic 10Dayton
47.2%
Mid-AmericanToledo
46.8%
Big EastSouth Florida
46.5%
Mid-AmericanCentral Michigan
46.5%
Colonial AthleticDelaware
46.2%
Atlantic 10Massachusetts
46.2%
Big EastSeton Hall
45.8%
IvyColumbia
44.9%
Atlantic 10Rhode Island
43.9%
Conference USAHouston
43.5%
Conference USAUTEP
43.5%
Mid-AmericanBuffalo
43.5%
Mid-AmericanKent State
43.5%
American EastMaine
43.2%
Atlantic 10St. Louis
42.5%
Conference USASMU
42.5%
Mid-AmericanWestern Michigan
41.9%
Conference USAEast Carolina
41.5%
American EastVermont
41.5%
Atlantic 10St. Bonaventure
41.5%
Atlantic 10Charlotte
40.5%
Conference USAUAB
40.2%
Atlantic 10George Washington
39.5%
Colonial AthleticGeorge Mason
39.2%
Conference USARice
38.5%
Mid-AmericanEastern Michigan
38.2%
American EastAlbany
36.9%
Atlantic 10St. Joseph
36.5%
Big SkyMontana State
36.5%
Colonial AthleticWilliam & Mary
36.2%
Conference USAUCF
36.2%
Colonial AthleticJames Madison
35.9%
Colonial AthleticDrexel
35.5%
HorizonCleveland State
35.5%
Atlantic 10La Salle
34.9%
Atlantic SunJacksonville
34.9%
Mid-AmericanBowling Green
34.2%
Atlantic 10Duquesne
33.9%
Colonial AthleticHofstra
33.9%
Mid-AmericanBall State
33.9%
Metro AtlanticManhattan
32.9%
Colonial AthleticOld Dominion
32.2%
Mid-AmericanNorthern Illinois
31.9%
Metro AtlanticSiena
31.6%
HorizonLoyola
31.2%
Metro AtlanticLoyola
31.2%
Colonial AthleticVirginia Commonwealth
30.9%
Metro AtlanticMarist
30.6%
Big SouthCoastal Carolina
30.2%
HorizonYoungstown State
30.2%
Conference USASouthern Miss
29.6%
Metro AtlanticIona
29.6%
Atlantic 10Fordham
29.2%
Big SkyIdaho State
28.9%
Big SouthVMI
28.2%
Atlantic SunBelmont
27.9%
American EastNew Hampshire
27.9%
HorizonDetroit
27.9%
Atlantic SunCampbell
27.2%
Metro AtlanticNiagara
26.6%
Atlantic SunStetson
26.2%
Big SouthLiberty
25.9%
Conference College % Correct
Big WestLong Beach State
25.6%
American EastBinghamton
25.2%
Big SkyWeber State
25.2%
Mid-ContinentOakland
25.2%
Big WestUC Irvine
24.9%
Big SkyNorthern Arizona
24.6%
Mid-Eastern AthleticFlorida A&M
24.6%
Metro AtlanticCanisius
24.3%
American EastStony Brook
24.3%
Big SouthWinthrop
23.9%
Mid-Eastern AthleticHampton
23.9%
Mid-Eastern AthleticDelaware State
23.6%
Atlantic SunNorth Florida
23.3%
Big SkyPortland State
22.9%
Big WestCal State Fullerton
22.9%
Colonial AthleticGeorgia State
22.9%
Metro AtlanticFairfield
22.6%
Colonial AthleticNortheastern
21.9%
HorizonWisconsin Green Bay
21.9%
Metro AtlanticSt Peter
21.9%
Metro AtlanticRider
21.6%
Mid-ContinentIUPUI
21.6%
Mid-ContinentValparaiso
21.6%
Big WestUC Santa Barbara
20.6%
Mid-ContinentUMKC
20.3%
Atlantic SunEast Tennessee State
19.9%
Big WestPacific
19.9%
HorizonWright State
19.9%
Mid-Eastern AthleticNorfolk State
19.9%
American EastHartford
19.6%
Big SouthRadford
19.6%
Mid-Eastern AthleticHoward
19.6%
American EastMaryland Baltimore County
18.9%
HorizonUIC
18.9%
Big WestCal Poly
18.3%
Colonial AthleticTowson
17.9%
HorizonWisconsin Milwaukee
17.9%
Big SkyEastern Washington
17.6%
Big WestCal State Northridge
16.6%
Atlantic SunMercer
16.3%
Big SkySacramento State
16.3%
Mid-Eastern AthleticSouth Carolina State
16.3%
Mid-ContinetWestern Illinois
15.9%
Mid-ContinentOral Roberts
15.3%
Big WestUC Riverside
15%
Mid-Eastern AthleticNorth Carolina A&T
15%
Atlantic SunLipscomb
14.6%
Colonial AthleticNorth Carolina Wilmington
14.3%
Mid-Eastern AthleticCoppin State
14.3%
Mid-Eastern AthleticMorgan State
14.3%
IndependentChicago State
13.6%
Big SouthCharleston Southern
13.3%
Big SouthHigh Point
13%
Atlantic SunGardner-Webb
12.6%
Atlantic SunKennesaw State
12.3%
Big SkyNorthern Colorado
12%
Mid-Eastern AthleticBethune-Cookman
11.6%
Mid-Eastern AthleticMaryland Eastern Shore
11.6%
Mid-ContinentCentenary
11%
IndependentSavannah State
10.6%
Mid-ContinentSouthern Utah
9.3%
Big EastNorte Dame
8.6%
IndependentTexas Pan American
3.7%
Big SouthNorth Carolina Ashville
3.3%
IndependentIUPUI Ft. Wayne
1.7%

You're not logged in!

Compare scores with friends on all Sporcle quizzes.
OR
Log In

Show Comments

Extras

Top Quizzes Today


Score Distribution

Your Account Isn't Verified!

In order to create a playlist on Sporcle, you need to verify the email address you used during registration. Go to your Sporcle Settings to finish the process.

Report this User

Report this user for behavior that violates our Community Guidelines.

Details: